[Event "Hull 4NCL International"]
[Site "Hull"]
[Date "2021.10.23"]
[Round "3.24"]
[White "Gallagher, Dominic"]
[Black "Connor, Michael I"]
[Result "0-1"]
[WhiteElo "1624"]
[BlackElo "1773"]
[PlyCount "54"]
[EventDate "2021.10.22"]

1. d4 Nf6 2. Bf4 g6 3. Nc3 d5 4. e3 Bg7 5. h4 h5 6. Qf3 c6 7. Bxb8 Rxb8 8. Qg3
Bf5 9. O-O-O O-O 10. Bd3 Ne4 11. Nxe4 dxe4 12. Bc4 Qa5 13. f3 e5 14. Ne2 Qb4
15. Bb3 Rfe8 16. Rhf1 Re7 17. fxe4 Bg4 18. Rf2 Rd8 19. c3 Qb5 20. Re1 a5 21.
Ng1 a4 22. Bc2 Qc4 23. a3 exd4 24. exd4 Bh6+ 25. Kb1 Be6 26. Bxa4 Qxa4 27. Qf3
Qb3 0-1

[Event "Hull 4NCL International"]
[Site "Hull"]
[Date "2021.10.23"]
[Round "3.26"]
[White "Rich, Aaron"]
[Black "Lawrence, Spencer"]
[Result "0-1"]
[WhiteElo "1578"]
[BlackElo "1686"]
[PlyCount "46"]
[EventDate "2021.10.22"]

1. b3 d5 2. Bb2 Bf5 3. e3 e6 4. f4 Nf6 5. Nf3 c5 6. Bb5+ Nbd7 7. O-O a6 8.
Bxd7+ Nxd7 9. Ne5 h5 10. d3 f6 11. Nf3 Qc7 12. Nbd2 O-O-O 13. Qe2 Bd6 14. Rac1
h4 15. c4 d4 16. exd4 Bxf4 17. h3 Rh6 18. dxc5 Nxc5 19. Ne1 Nxd3 20. Nxd3 Rxd3
21. Rcd1 Rg3 22. Ne4 Be3+ 23. Nf2 Bxh3 0-1

[Event "Hull 4NCL International"]
[Site "Hull"]
[Date "2021.10.24"]
[Round "4.1"]
[White "Spanton, Tim R"]
[Black "Coates, Sam"]
[Result "1/2-1/2"]
[WhiteElo "1979"]
[BlackElo "1959"]
[PlyCount "71"]
[EventDate "2021.10.22"]

1. d4 d5 2. Nc3 Nf6 3. Bg5 Bf5 4. e3 e6 5. Bd3 Bg6 6. Nf3 Be7 7. Ne5 Bxd3 8.
Qxd3 c6 9. O-O O-O 10. f4 Nfd7 11. Bxe7 Qxe7 12. Rf3 f5 13. Kh1 Nf6 14. Rg1
Nbd7 15. Rh3 Ne4 16. Nxe4 dxe4 17. Qe2 Nxe5 18. dxe5 g6 19. g4 Rf7 20. gxf5
exf5 21. Qh5 Rg7 22. Qe2 Rd8 23. Rhg3 Qb4 24. c3 Qb5 25. Qxb5 cxb5 26. h4 Rd2
27. R1g2 Rxg2 28. Rxg2 Rd7 29. Re2 Rd1+ 30. Kg2 Ra1 31. a3 Rd1 32. Rc2 a5 33.
Kf2 Rh1 34. Kg3 Re1 35. Kf2 Rh1 36. Kg3 1/2-1/2

[Event "Hull 4NCL International"]
[Site "Hull"]
[Date "2021.10.24"]
[Round "4.2"]
[White "Carmichael, Ned"]
[Black "Klein, Raimund"]
[Result "1/2-1/2"]
[WhiteElo "1900"]
[BlackElo "1979"]
[PlyCount "104"]
[EventDate "2021.10.22"]

1. c4 Nf6 2. Nf3 g6 3. g3 Bg7 4. Bg2 O-O 5. Nc3 d6 6. O-O e5 7. e3 Be6 8. d3
Nc6 9. h3 h6 10. e4 Qd7 11. Kh2 Ne8 12. Ne1 f5 13. Nd5 fxe4 14. dxe4 Nd4 15. b3
c6 16. Nc3 Nf6 17. Bb2 d5 18. Nd3 Nxe4 19. Nxe4 dxe4 20. Nc5 Qf7 21. Nxe6 Qxe6
22. Bxe4 Rad8 23. Bxd4 exd4 24. Qd3 Rf6 25. Rae1 Qf7 26. Kg1 g5 27. Re2 Qd7 28.
Bg2 Re6 29. Rfe1 Rde8 30. Be4 Qd6 31. c5 Qd7 32. Bf5 Rxe2 33. Rxe2 Qd8 34. Be6+
Kf8 35. Qf5+ Qf6 36. Qxf6+ Bxf6 37. Bc4 b5 38. Rxe8+ Kxe8 39. Bd3 b4 40. Kf1
Be7 41. Ke2 Bxc5 42. Be4 Kd7 43. Kd3 Kd6 44. Bg6 Bb6 45. Bf7 Ke5 46. Be8 c5 47.
Bg6 Kf6 48. Bf7 Ke5 49. Be8 Bd8 50. Bg6 Bc7 51. Be8 Kd5 52. Bf7+ Ke5 1/2-1/2

[Event "Hull 4NCL International"]
[Site "Hull"]
[Date "2021.10.24"]
[Round "4.3"]
[White "Cuaresma, Gerald"]
[Black "Garnett, John S"]
[Result "1/2-1/2"]
[WhiteElo "1863"]
[BlackElo "1927"]
[PlyCount "150"]
[EventDate "2021.10.22"]

1. e4 d5 2. exd5 Nf6 3. d4 Bg4 4. Nf3 Qxd5 5. Be2 Nc6 6. c4 Qf5 7. h3 Bxf3 8.
Bxf3 Qe6+ 9. Be2 Qe4 10. Be3 Qxg2 11. Bf3 Qg6 12. Qa4 Nd7 13. Kf1 Qf6 14. Nd2
Nb6 15. Qc2 O-O-O 16. Bg4+ e6 17. d5 Nb4 18. Qe4 h5 19. Bd4 Qe7 20. c5 N6xd5
21. Bf3 f5 22. Qb1 e5 23. Qxf5+ Kb8 24. Re1 Qf6 25. Rxe5 Qxf5 26. Rxf5 Ne7 27.
Rf4 Nd3 28. Re4 Nf5 29. Bc3 Bxc5 30. Rh2 Rhe8 31. Rxe8 Rxe8 32. Be4 Nxf2 33.
Bxf5 Rf8 34. Rxf2 Bxf2 35. Kxf2 Rxf5+ 36. Ke3 g6 37. Nf3 Kc8 38. Nh4 Rg5 39.
Kf4 Rg1 40. Nf3 Rf1 41. h4 Kd7 42. Ke4 Ke6 43. Ng5+ Ke7 44. Be5 c6 45. Bd4 b6
46. Nf3 c5 47. Bc3 Rf2 48. a3 Rg2 49. Ne5 Ke6 50. Kf3 Rc2 51. Nxg6 Kf5 52. Nf4
b5 53. Nxh5 b4 54. axb4 cxb4 55. Ng3+ Kg6 56. Bd4 a5 57. h5+ Kh7 58. Ne4 a4 59.
Nf6+ Kh6 60. Be3+ Kg7 61. Nd5 a3 62. Nxb4 axb2 63. h6+ Kh7 64. Nxc2 b1=Q 65.
Nd4 Qf1+ 66. Kg4 Kg6 67. Kg3 Qe1+ 68. Kf3 Qh4 69. Bf4 Qf6 70. Ke4 Qe7+ 71. Kf3
Qe1 72. Be3 Qh1+ 73. Kg3 Qe4 74. Kf2 Qg4 75. Nf3 Qe4 1/2-1/2

[Event "Hull 4NCL International"]
[Site "Hull"]
[Date "2021.10.24"]
[Round "4.4"]
[White "Webb, Nicholas"]
[Black "Cordova Lopez, Diego Anton"]
[Result "1/2-1/2"]
[WhiteElo "1653"]
[BlackElo "1911"]
[PlyCount "72"]
[EventDate "2021.10.22"]

1. c4 e6 2. Nc3 d5 3. cxd5 exd5 4. d4 a6 5. Bf4 Nf6 6. e3 Bf5 7. f3 c6 8. g4
Be6 9. h4 Bd6 10. Bxd6 Qxd6 11. Kf2 g6 12. Bd3 Rg8 13. Nh3 Nbd7 14. Nf4 h5 15.
g5 Nh7 16. Nxh5 gxh5 17. Bxh7 Rg7 18. Bd3 f6 19. f4 Bg4 20. Qc2 O-O-O 21. a4
fxg5 22. hxg5 Rxg5 23. b4 Rf8 24. Qd2 Rg7 25. Ne2 Qe6 26. b5 Bxe2 27. Bxe2 Nf6
28. Bf3 Ne4+ 29. Bxe4 Qxe4 30. Rhg1 Rfg8 31. Rxg7 Rxg7 32. Rg1 Rxg1 33. Kxg1
axb5 34. axb5 Qb1+ 35. Kf2 Qxb5 36. Qc2 Kd8 1/2-1/2

[Event "Hull 4NCL International"]
[Site "Hull"]
[Date "2021.10.24"]
[Round "4.5"]
[White "Rich, Ben S"]
[Black "Brown, Geoffrey D"]
[Result "1-0"]
[WhiteElo "1990"]
[BlackElo "1893"]
[PlyCount "127"]
[EventDate "2021.10.22"]

1. a3 e5 2. c4 Nc6 3. d3 f5 4. b4 a6 5. Bb2 d6 6. e3 Nf6 7. Nf3 Be7 8. Be2 O-O
9. Qb3 Kh8 10. Nbd2 Qe8 11. Rc1 h6 12. h4 Bd7 13. c5 a5 14. Nf1 axb4 15. axb4
Nd8 16. Ba1 Be6 17. Qb1 Nc6 18. Ng3 Nd5 19. b5 Ncb4 20. e4 fxe4 21. dxe4 Rxa1
22. Qxa1 Nf4 23. O-O Nxe2+ 24. Nxe2 Nd3 25. Rc3 Nxc5 26. Rxc5 dxc5 27. Nxe5
Bxh4 28. Qa7 Bf5 29. Qxc5 Bxe4 30. Nc3 Rf5 31. f4 Bd3 32. Rf3 Bf6 33. Rxd3 Bxe5
34. fxe5 Rxe5 35. Qxc7 Kh7 36. Rg3 Re7 37. Qf4 Kh8 38. Rf3 Qd7 39. Qf8+ Kh7 40.
Qf5+ Qxf5 41. Rxf5 Kg6 42. Rc5 Kf7 43. b6 Ke6 44. Rc7 Rd7 45. Kf2 h5 46. Ke3
Kd6 47. Ne4+ Ke7 48. Kf4 Rxc7 49. bxc7 Kd7 50. Kg5 b5 51. c8=Q+ Kxc8 52. Nd6+
Kd7 53. Nxb5 Ke6 54. Kxh5 Kf6 55. Kg4 Kf7 56. Kg5 Kf8 57. Kg6 Kg8 58. Nd6 Kh8
59. Ne8 Kg8 60. Nxg7 Kh8 61. g4 Kg8 62. g5 Kh8 63. Nf5 Kg8 64. Kh6 1-0

[Event "Hull 4NCL International"]
[Site "Hull"]
[Date "2021.10.24"]
[Round "4.6"]
[White "Ter Gevorkian, Edouardos"]
[Black "Angheluta, Ovidiu"]
[Result "0-1"]
[WhiteElo "1945"]
[BlackElo "1970"]
[PlyCount "60"]
[EventDate "2021.10.22"]

1. e4 d5 2. exd5 Qxd5 3. Nf3 Nf6 4. d4 c6 5. Be2 Bf5 6. O-O e6 7. c4 Qa5 8. Nc3
Bd6 9. Bd2 Qc7 10. Rc1 Nbd7 11. h3 h6 12. Nh4 Bh7 13. d5 g5 14. dxe6 fxe6 15.
Bh5+ Kd8 16. Nf3 Nxh5 17. Bxg5+ hxg5 18. Nxg5 Bg8 19. Nce4 Bf4 20. Rc3 Ke7 21.
Re1 Rd8 22. Qe2 b6 23. Nxe6 Bxe6 24. Ng3 Qe5 25. Qd1 Nc5 26. Qb1 Qg5 27. b4 Bd2
28. bxc5 Bxc3 29. Nf5+ Kf6 30. Nd6 Rxd6 0-1

[Event "Hull 4NCL International"]
[Site "Hull"]
[Date "2021.10.24"]
[Round "4.7"]
[White "Cukovs, Oleg"]
[Black "Ortiz Sanchez, Luis"]
[Result "1-0"]
[WhiteElo "1855"]
[BlackElo "1962"]
[PlyCount "131"]
[EventDate "2021.10.22"]

1. e4 c5 2. c3 Nf6 3. e5 Nd5 4. d4 cxd4 5. Qxd4 e6 6. Bc4 Nc6 7. Qe4 Nde7 8.
Nf3 Ng6 9. O-O Qc7 10. Re1 Ncxe5 11. Nxe5 Nxe5 12. Bxe6 dxe6 13. Qxe5 Qxe5 14.
Rxe5 Bd7 15. Re1 g6 16. Bg5 Bg7 17. Nd2 O-O 18. Rad1 Bc6 19. Ne4 f6 20. Bc1
Rfd8 21. Nc5 Rxd1 22. Rxd1 Re8 23. b3 Bf8 24. Be3 b6 25. Na6 Rc8 26. Rc1 Kf7
27. Nb4 Bb7 28. f3 Bd6 29. Nd3 Ba3 30. Rc2 Rd8 31. Rd2 Be7 32. Kf2 e5 33. Ke2
Ke6 34. c4 Rc8 35. g3 f5 36. f4 e4 37. Ne5 Rd8 38. Rxd8 Bxd8 39. Kd2 Be7 40.
Kc3 g5 41. b4 gxf4 42. gxf4 Bd6 43. Bd4 Bc7 44. a3 Ba8 45. Kd2 Bb7 46. Kc3 a6
47. Kd2 b5 48. c5 Kd5 49. Ke3 a5 50. Bc3 axb4 51. axb4 Bc8 52. Nf7 Be6 53. Ne5
Bd8 54. Bb2 Bh4 55. Bc3 Bf6 56. Kd2 Bg7 57. Ke3 Bxe5 58. fxe5 Kc4 59. Be1 Bd5
60. Bd2 Kb3 61. Kd4 Be6 62. c6 Kc2 63. Bg5 Kd1 64. Kc5 Ke2 65. Kd6 Bc8 66. e6
1-0

[Event "Hull 4NCL International"]
[Site "Hull"]
[Date "2021.10.24"]
[Round "4.8"]
[White "Crow, Stephen"]
[Black "Robson, Paul E"]
[Result "0-1"]
[WhiteElo "1801"]
[BlackElo "1957"]
[PlyCount "46"]
[EventDate "2021.10.22"]

1. f4 g6 2. e4 d5 3. e5 c5 4. d4 cxd4 5. Qxd4 Nc6 6. Bb5 Bg7 7. Nf3 Bg4 8. O-O
e6 9. Qa4 Nge7 10. Nd4 O-O 11. Be3 Nxd4 12. Bxd4 a6 13. Bd3 Rc8 14. Nd2 f6 15.
h3 fxe5 16. fxe5 Bf5 17. g4 Bxd3 18. cxd3 Nc6 19. Nf3 b5 20. Qxa6 Rxf3 21. Rac1
Rxf1+ 22. Kxf1 Qd7 23. b4 Rf8+ 0-1

[Event "Hull 4NCL International"]
[Site "Hull"]
[Date "2021.10.24"]
[Round "4.9"]
[White "Thackray, John"]
[Black "Lacoult, Maxime"]
[Result "1-0"]
[WhiteElo "1948"]
[BlackElo "1428"]
[PlyCount "103"]
[EventDate "2021.10.22"]

1. c4 Nf6 2. d4 g6 3. Nc3 d5 4. Bf4 c6 5. e3 Bg7 6. Nf3 O-O 7. Bd3 dxc4 8. Bxc4
Bf5 9. O-O Nbd7 10. Re1 Nb6 11. Bd3 Bg4 12. h3 Bxf3 13. Qxf3 Nfd7 14. Rad1 Qe8
15. Bc2 Rc8 16. e4 e5 17. dxe5 Nxe5 18. Bxe5 Qxe5 19. Bb3 Na8 20. Rd7 Rc7 21.
Red1 Nb6 22. Bxf7+ Kh8 23. Rd8 Rc8 24. Rxc8 Nxc8 25. Qg4 Qf6 26. Be6 Qxf2+ 27.
Kh1 Be5 28. Ne2 Nb6 29. b3 Qc5 30. Qg5 Bd6 31. Qxc5 Bxc5 32. Bg4 Re8 33. Bf3
Re7 34. a4 Nd7 35. Ng3 Bf2 36. Kh2 Nc5 37. Nh1 Bh4 38. g3 Bg5 39. h4 Be3 40.
Re1 Bd4 41. Rb1 Nxe4 42. Re1 c5 43. Rxe4 Rf7 44. Kg2 a6 45. Nf2 b5 46. axb5
axb5 47. Nd3 Kg7 48. Nf4 Kh6 49. Be2 Rb7 50. Ne6 Re7 51. Bxb5 g5 52. Nxg5 1-0

[Event "Hull 4NCL International"]
[Site "Hull"]
[Date "2021.10.24"]
[Round "4.10"]
[White "Clegg, Robert"]
[Black "Idle, Oscar J"]
[Result "0-1"]
[WhiteElo "1854"]
[BlackElo "1996"]
[PlyCount "98"]
[EventDate "2021.10.22"]

1. d4 Nf6 2. c4 e6 3. Nc3 Bb4 4. Qc2 d5 5. a3 Bxc3+ 6. Qxc3 Ne4 7. Qc2 c5 8.
dxc5 Nc6 9. Nf3 Qa5+ 10. Bd2 Qxc5 11. e3 Nxd2 12. Nxd2 a5 13. Rc1 d4 14. Nb3
Qe5 15. e4 a4 16. Nd2 Qc5 17. Bd3 O-O 18. O-O e5 19. f4 exf4 20. Rxf4 Ne5 21.
h3 Be6 22. Rff1 Rfc8 23. Kh1 Rc7 24. Be2 b5 25. b4 axb3 26. Nxb3 Qxa3 27. Ra1
Qf8 28. Nxd4 Rxa1 29. Rxa1 bxc4 30. Ra6 Bd7 31. Qa2 c3 32. Nc2 Be6 33. Qa5 Rc5
34. Qb4 Rc8 35. Qd4 Qc5 36. Qxc5 Rxc5 37. Ra8+ Rc8 38. Ra5 Nc4 39. Ra4 Nd2 40.
Rb4 g6 41. Kg1 Ra8 42. Kf2 Ra2 43. Bd3 Bb3 44. Nd4 c2 45. Nxb3 Nxb3 46. Bxc2
Rxc2+ 47. Kg3 Nc5 48. Kf3 Kg7 49. g4 Rc3+ 0-1

[Event "Hull 4NCL International"]
[Site "Hull"]
[Date "2021.10.24"]
[Round "4.11"]
[White "Brencher, Paul"]
[Black "Di-Vetta, Andrew"]
[Result "1/2-1/2"]
[WhiteElo "1968"]
[BlackElo "1803"]
[PlyCount "102"]
[EventDate "2021.10.22"]

1. d4 Nf6 2. Bg5 Ne4 3. Bf4 d5 4. e3 c6 5. Bd3 Nd7 6. Nf3 Qb6 7. b3 Ndf6 8. O-O
Bg4 9. Nbd2 e6 10. c4 Bb4 11. Qc2 Qa5 12. Nxe4 dxe4 13. Bxe4 Nxe4 14. Qxe4 Bf5
15. Qe5 Qxe5 16. Nxe5 f6 17. Nf3 g5 18. Bg3 h5 19. h4 g4 20. Ne1 Bc3 21. Rd1
O-O-O 22. f3 Rhg8 23. Kh2 gxf3 24. gxf3 Bh7 25. Bf2 Ba5 26. Rg1 Rxg1 27. Kxg1
Rg8+ 28. Kf1 Bf5 29. Ke2 Bxe1 30. Rxe1 Rg2 31. e4 Bh7 32. Ke3 Kd7 33. Rg1 Rxg1
34. Bxg1 b5 35. cxb5 cxb5 36. Kf4 a6 37. a3 Bg6 38. Be3 Be8 39. Bd2 Bf7 40. Bb4
Be8 41. Bc3 Ke7 42. Bb4+ Kd7 43. Bf8 Bf7 44. Bb4 Be8 45. Bc3 Ke7 46. Ke3 Bc6
47. Bb4+ Ke8 48. Kf4 Kf7 49. Bc3 Bb7 50. Bb4 Bc6 51. Ke3 Ke8 1/2-1/2

[Event "Hull 4NCL International"]
[Site "Hull"]
[Date "2021.10.24"]
[Round "4.12"]
[White "Wynarczyk, Raymond"]
[Black "Kane, Robert"]
[Result "1-0"]
[WhiteElo "1912"]
[BlackElo "1785"]
[PlyCount "103"]
[EventDate "2021.10.22"]

1. e4 c6 2. d4 d5 3. Nc3 dxe4 4. Nxe4 Nf6 5. Ng3 e5 6. Be3 exd4 7. Qxd4 Qxd4 8.
Bxd4 Be7 9. Bd3 O-O 10. Nf5 Bxf5 11. Bxf5 c5 12. Bc3 Nc6 13. Nf3 Rad8 14. O-O
Nd5 15. Bd2 Bf6 16. c3 h6 17. Rfe1 g6 18. Be4 Kg7 19. Rad1 Nde7 20. Bf4 Rxd1
21. Rxd1 Rd8 22. Rxd8 Nxd8 23. Bd6 b6 24. Kf1 Kf8 25. a4 Ke8 26. a5 Kd7 27.
axb6 axb6 28. Bf4 g5 29. Be5 Bxe5 30. Nxe5+ Kc7 31. Ke2 f6 32. Nc4 Ne6 33. g3
Nc6 34. Ne3 Ne7 35. Kf3 b5 36. Kg4 Ng7 37. Kf3 Kd6 38. b3 Nc6 39. Bxc6 Kxc6 40.
Ng4 f5 41. Nxh6 Kd5 42. Nf7 Ne6 43. h4 gxh4 44. gxh4 b4 45. cxb4 cxb4 46. h5
Kd4 47. h6 Nf8 48. Kf4 Kc3 49. Ne5 Kxb3 50. Nc6 Kc4 51. Kxf5 Kc5 52. Nxb4 1-0

[Event "Hull 4NCL International"]
[Site "Hull"]
[Date "2021.10.24"]
[Round "4.13"]
[White "Turner, Tim M"]
[Black "Doherty, Paul D"]
[Result "0-1"]
[WhiteElo "1893"]
[BlackElo "1780"]
[PlyCount "56"]
[EventDate "2021.10.22"]

1. d4 e6 2. g3 f5 3. Bg2 Nf6 4. c4 Be7 5. Nc3 O-O 6. Nf3 d6 7. O-O Qe8 8. Qd3
Nc6 9. e4 e5 10. dxe5 dxe5 11. exf5 Qh5 12. Bg5 h6 13. Bxf6 Bxf6 14. Ne4 Bxf5
15. Nxf6+ Rxf6 16. Qe3 Bg4 17. Nd2 Nd4 18. f3 Bd7 19. g4 Qe8 20. Ne4 Rf4 21.
Rad1 Qf7 22. Nc3 Bc6 23. Qxe5 Nxf3+ 24. Bxf3 Rxf3 25. Nd5 Re8 26. Rxf3 Qxf3 27.
Ne7+ Rxe7 28. Rd8+ Kh7 0-1

[Event "Hull 4NCL International"]
[Site "Hull"]
[Date "2021.10.24"]
[Round "4.14"]
[White "Georgiou, Denis"]
[Black "Allison, Paul A"]
[Result "1/2-1/2"]
[WhiteElo "1863"]
[BlackElo "1779"]
[PlyCount "77"]
[EventDate "2021.10.22"]

1. e4 e5 2. Nf3 Nc6 3. Bc4 Nf6 4. d3 Bc5 5. c3 O-O 6. O-O d6 7. b4 Bb6 8. Nbd2
a6 9. Bb3 Qe7 10. Nc4 Ba7 11. Bg5 h6 12. Be3 Bxe3 13. Nxe3 Be6 14. Nh4 g6 15.
f4 Nh5 16. Bxe6 Qxh4 17. g3 Nxg3 18. Ng2 Qe7 19. Bxf7+ Rxf7 20. hxg3 Raf8 21.
Qd2 Kg7 22. a4 Nd8 23. b5 Ne6 24. bxa6 bxa6 25. Rab1 Nc5 26. a5 Qd7 27. Qe3 Qa4
28. Nh4 exf4 29. gxf4 Qc2 30. Qd4+ Kh7 31. f5 g5 32. Ng6 Rg8 33. Qd5 Rfg7 34.
Rbc1 Qe2 35. Rcd1 Qg4+ 36. Kh1 Qh3+ 37. Kg1 Qg3+ 38. Kh1 Qh3+ 39. Kg1 1/2-1/2

[Event "Hull 4NCL International"]
[Site "Hull"]
[Date "2021.10.24"]
[Round "4.15"]
[White "Sainbayar, Anuurai"]
[Black "Cawston, M John"]
[Result "0-1"]
[WhiteElo "1568"]
[BlackElo "1861"]
[PlyCount "144"]
[EventDate "2021.10.22"]

1. b4 e5 2. Bb2 Bxb4 3. Bxe5 Nf6 4. a3 Ba5 5. Bc3 Bxc3 6. Nxc3 O-O 7. e3 d5 8.
d4 c5 9. Bd3 Nc6 10. dxc5 Qa5 11. Nge2 d4 12. exd4 Nxd4 13. Bxh7+ Kxh7 14. Qxd4
Bf5 15. Qh4+ Kg8 16. Qb4 Qc7 17. Rc1 Rfe8 18. O-O Re5 19. Nd4 Bg6 20. c6 bxc6
21. Nf3 Rh5 22. Rfe1 Rb8 23. Qc4 Bf5 24. h3 Be6 25. Qd3 Rd8 26. Qe3 Re8 27. Qd2
Rd8 28. Qe3 Qc8 29. Ng5 Bd7 30. Qf4 Qb8 31. Qxb8 Rxb8 32. Re5 Re8 33. Rxe8+
Bxe8 34. Nce4 Nxe4 35. Nxe4 Ra5 36. Nd6 Bd7 37. Nc4 Rc5 38. Ne3 Rc3 39. Rd1 Be6
40. Ra1 Kf8 41. Kf1 f5 42. g3 g5 43. Re1 f4 44. Ng4 Bxg4 45. hxg4 fxg3 46. Re3
Rxc2 47. Rxg3 Ke7 48. Rd3 Ke6 49. f3 Ke5 50. Ke1 a5 51. Kd1 Ra2 52. Kc1 c5 53.
Rd7 Rxa3 54. Re7+ Kf4 55. Rf7+ Kg3 56. Rf5 Rxf3 57. Rxc5 Kxg4 58. Rxa5 Rd3 59.
Kc2 Rd8 60. Ra7 Kg3 61. Ra3+ Kh4 62. Ra7 g4 63. Rh7+ Kg3 64. Rg7 Kf3 65. Rf7+
Kg2 66. Rg7 g3 67. Rg6 Kf2 68. Rf6+ Kg1 69. Rg6 g2 70. Rg7 Rd5 71. Kc3 Rh5 72.
Re7 Kh1 0-1

[Event "Hull 4NCL International"]
[Site "Hull"]
[Date "2021.10.24"]
[Round "4.17"]
[White "Holi, Siefaldin A"]
[Black "Arora, Tashika"]
[Result "0-1"]
[WhiteElo "1750"]
[BlackElo "1889"]
[PlyCount "86"]
[EventDate "2021.10.22"]

1. d4 Nf6 2. c4 g6 3. Nc3 d5 4. Nf3 Bg7 5. e3 c5 6. dxc5 Qa5 7. Qa4+ Qxa4 8.
Nxa4 Ne4 9. Nd4 Nd7 10. b4 a5 11. cxd5 axb4 12. Bb5 Ra5 13. Rb1 Bxd4 14. Rxb4
Bg7 15. O-O O-O 16. Bxd7 Bxd7 17. c6 bxc6 18. Nb6 Nf6 19. Nxd7 Nxd7 20. dxc6
Ne5 21. c7 Rc5 22. Rb7 Rc8 23. e4 R5xc7 24. Rb1 Rc2 25. a4 Nd3 26. Be3 Nb2 27.
a5 Nc4 28. Rb7 Nxe3 29. fxe3 Bh6 30. Rb3 Ra2 31. h3 Rcc2 32. Rfb1 Rxa5 33. Kh2
Raa2 34. Rg1 Re2 35. Kg3 Bxe3 36. Rgb1 Rxg2+ 37. Kf3 Bh6 38. Rb8+ Kg7 39. e5
Rgc2 40. Re8 Rc3+ 41. Ke4 Ra4+ 42. Kd5 e6+ 43. Kd6 Rd3+ 0-1

[Event "Hull 4NCL International"]
[Site "Hull"]
[Date "2021.10.24"]
[Round "4.18"]
[White "Gordon, Sean"]
[Black "Leigh, Dominic"]
[Result "1/2-1/2"]
[WhiteElo "1868"]
[BlackElo "1720"]
[PlyCount "67"]
[EventDate "2021.10.22"]

1. d4 Nf6 2. c4 g6 3. Nc3 d5 4. Nf3 Bg7 5. Qb3 dxc4 6. Qxc4 O-O 7. e4 Nc6 8.
Be2 e5 9. d5 Nd4 10. Nxd4 exd4 11. Qxd4 c6 12. Qc4 b5 13. Qxc6 Bd7 14. Qd6 Re8
15. e5 Nh5 16. e6 fxe6 17. O-O Bf8 18. Qe5 Bg7 19. Qg5 Qxg5 20. Bxg5 b4 21.
dxe6 Bxe6 22. Nb5 Rec8 23. Bxh5 gxh5 24. Rfe1 Rc5 25. Rxe6 Rxg5 26. Nd6 Bxb2
27. Rb1 Rd5 28. g3 Bc3 29. Ne4 a5 30. Nxc3 bxc3 31. Rc6 Rd2 32. Rxc3 Rxa2 33.
Rb7 Rf8 34. f4 1/2-1/2

[Event "Hull 4NCL International"]
[Site "Hull"]
[Date "2021.10.24"]
[Round "4.19"]
[White "Macphail, Kieran"]
[Black "Porter, Bede"]
[Result "1-0"]
[WhiteElo "1798"]
[BlackElo "1855"]
[PlyCount "75"]
[EventDate "2021.10.22"]

1. e4 c5 2. Nf3 Nc6 3. Bb5 g6 4. O-O Bg7 5. Re1 a6 6. Bxc6 bxc6 7. c3 d5 8. d3
Bg4 9. Nbd2 e5 10. Qa4 Bd7 11. Nb3 Qe7 12. c4 d4 13. h3 Nf6 14. Qa3 Bf8 15. Nh2
Nh5 16. g4 Ng7 17. Bh6 Ne6 18. Bd2 h5 19. g5 Nxg5 20. Bxg5 Qxg5+ 21. Kh1 Bxh3
22. Rg1 Qe7 23. Rg3 Bd7 24. Rag1 Qd6 25. R3g2 Be7 26. Nf3 Bg4 27. Nbd2 f5 28.
Qa4 Qe6 29. exf5 Bxf5 30. Re1 Bf6 31. Ne4 Bxe4 32. Rxe4 Kf7 33. Kg1 Kg7 34. Qa5
Qe7 35. Nxe5 Bxe5 36. f4 Qf8 37. Rxe5 Qxf4 38. Qc7+ 1-0

[Event "Hull 4NCL International"]
[Site "Hull"]
[Date "2021.10.24"]
[Round "4.20"]
[White "Dean, Robert A"]
[Black "Asaad, Asaad"]
[Result "0-1"]
[WhiteElo "1851"]
[BlackElo "1601"]
[PlyCount "68"]
[EventDate "2021.10.22"]

1. e4 d5 2. exd5 Nf6 3. d4 Bg4 4. Be2 Bxe2 5. Qxe2 Qxd5 6. Nf3 Nc6 7. Nc3 Qf5
8. O-O O-O-O 9. Be3 e5 10. dxe5 Nxe5 11. Nxe5 Qxe5 12. Qc4 Bd6 13. g3 Qh5 14.
Nb5 Ng4 15. Nxd6+ Rxd6 16. h4 Nxe3 17. fxe3 f6 18. b4 Rc6 19. Qb3 Qg6 20. Rf3
Rxc2 21. Qe6+ Kb8 22. Rd1 Re8 23. Qd7 a6 24. Qa4 Qe4 25. Rdf1 Rd8 26. R3f2 Rdd2
27. Qb3 Rxf2 28. Qg8+ Ka7 29. Rxf2 Rc1+ 30. Rf1 Qxe3+ 31. Kg2 Qe2+ 32. Rf2 Qe4+
33. Kh3 Rh1+ 34. Rh2 Qf5+ 0-1

[Event "Hull 4NCL International"]
[Site "Hull"]
[Date "2021.10.24"]
[Round "4.21"]
[White "Patrick, David A"]
[Black "Cuaresma, Bien"]
[Result "1-0"]
[WhiteElo "1843"]
[BlackElo "1713"]
[PlyCount "99"]
[EventDate "2021.10.22"]

{[%evp 0,99,28,28,75,74,106,87,120,102,97,68,84,80,74,69,62,57,61,44,44,34,31,
30,67,54,55,45,70,56,55,57,57,63,74,129,148,93,112,113,108,120,170,145,152,147,
158,138,144,142,142,120,116,109,107,112,109,107,115,115,115,115,115,115,115,
115,144,157,137,134,149,153,144,141,175,105,91,105,105,82,82,58,98,101,147,147,
171,123,141,93,117,89,148,162,107,110,76,81,198,213,205,147]} 1. e4 d6 2. d4 c6
3. Nf3 a5 4. a4 Nf6 5. Bd3 Qc7 6. h3 Nbd7 7. O-O e5 8. Nc3 Be7 9. Be3 O-O 10.
Ne2 Re8 11. Ng3 Nf8 12. c3 Ng6 13. Qd2 Bf8 14. Rad1 Be6 15. c4 Bd7 16. b3 d5
17. dxe5 Bb4 18. Qb2 Nxe4 19. Nxe4 dxe4 20. Bxe4 Nf8 21. Bd2 Be7 22. Bc3 Be6
23. Rd2 Red8 24. Rfd1 Rxd2 25. Rxd2 Nd7 26. Bb1 g6 27. Qc1 Qb6 28. Qd1 Nc5 29.
Bc2 Re8 30. Rd4 Na6 31. Rd2 Nb4 32. Bb1 h6 33. Bd4 Qc7 34. Be3 Kg7 35. Qe2 Na6
36. Nd4 Nc5 37. Nxe6+ Nxe6 38. f4 Bc5 39. Qf2 Bxe3 40. Qxe3 c5 41. Be4 Rd8 42.
Rd5 b6 43. g4 Nd4 44. Bg2 Qe7 45. Qd3 Rxd5 46. cxd5 g5 47. d6 Qe6 48. Qc4 gxf4
49. Qxe6 Nxe6 50. h4 {neither scoresheet legible} 1-0

[Event "Hull 4NCL International"]
[Site "Hull"]
[Date "2021.10.24"]
[Round "4.22"]
[White "Connor, Michael I"]
[Black "May, Paul"]
[Result "1/2-1/2"]
[WhiteElo "1773"]
[BlackElo "1840"]
[PlyCount "92"]
[EventDate "2021.10.22"]

1. d4 g6 2. c4 Bg7 3. g3 c5 4. Nf3 Nf6 5. Bg2 O-O 6. O-O cxd4 7. Nxd4 Nc6 8.
Nc3 Qb6 9. Nb3 d6 10. e4 Ne5 11. Be3 Qd8 12. c5 Nc4 13. Qc1 Nxe3 14. Qxe3 Ng4
15. Qe2 Bxc3 16. bxc3 dxc5 17. Nxc5 Qc7 18. Qb5 Qe5 19. Qb4 b6 20. Nd3 Qh5 21.
h3 Ne5 22. Nf4 Nc6 23. Qc4 Qc5 24. Qxc5 bxc5 25. Rfd1 Ba6 26. Rd5 c4 27. e5
Rad8 28. Rc5 Nb8 29. Nd5 e6 30. Nf6+ Kg7 31. Rc7 Rd3 32. Ne4 Rd7 33. Rxd7 Nxd7
34. f4 Nb6 35. Nd6 f6 36. exf6+ Kxf6 37. Re1 Rd8 38. Ne4+ Ke7 39. Ng5 Bc8 40.
Nxh7 Rd3 41. Rc1 Rxg3 42. Kf2 Rd3 43. Rc2 Nd5 44. Bf1 Rxc3 45. Rxc3 Nxc3 46.
Bxc4 Bb7 1/2-1/2

[Event "Hull 4NCL International"]
[Site "Hull"]
[Date "2021.10.24"]
[Round "4.23"]
[White "Lawrence, Spencer"]
[Black "Winter, Kevin"]
[Result "1-0"]
[WhiteElo "1686"]
[BlackElo "1805"]
[PlyCount "73"]
[EventDate "2021.10.22"]

1. e4 d6 2. Nf3 Nf6 3. Nc3 e5 4. d4 Nbd7 5. Bc4 Be7 6. O-O c6 7. a4 Qc7 8. Ba2
O-O 9. h3 a5 10. Qe2 h6 11. Rd1 b6 12. Nh4 Kh7 13. Nf5 Nb8 14. dxe5 dxe5 15.
Nxe7 Qxe7 16. Be3 Nbd7 17. f3 Ba6 18. Qf2 Rab8 19. Rd2 Qb4 20. Bb3 Bc4 21. Na2
Qe7 22. Bxc4 b5 23. axb5 cxb5 24. Bf1 b4 25. Nc1 Ra8 26. Nb3 a4 27. Nc5 Rfc8
28. Rxa4 Rxa4 29. Nxa4 b3 30. cxb3 Qb4 31. Nb6 Nxb6 32. Bxb6 Qxb3 33. Ba5 Nh5
34. Bc3 f6 35. Rd7 Qa2 36. Qh4 Kg6 37. Qg4+ 1-0

[Event "Hull 4NCL International"]
[Site "Hull"]
[Date "2021.10.24"]
[Round "4.25"]
[White "Gallagher, Dominic"]
[Black "Rich, Aaron"]
[Result "0-1"]
[WhiteElo "1624"]
[BlackElo "1578"]
[PlyCount "90"]
[EventDate "2021.10.22"]

1. d4 e6 2. Bf4 b6 3. e3 Bb7 4. Nf3 f5 5. c4 Nf6 6. Nc3 Bb4 7. Bg5 O-O 8. Be2
Qe8 9. Bxf6 Rxf6 10. O-O Rh6 11. Ne5 d6 12. Bf3 Bxf3 13. Qxf3 Qh5 14. Qxh5 Rxh5
15. Nf3 Bxc3 16. bxc3 Nd7 17. Rfe1 g5 18. e4 f4 19. g4 Rh6 20. Kg2 Rg6 21. e5
dxe5 22. Nxe5 Nxe5 23. Rxe5 Rd8 24. Rae1 Rd6 25. a4 Kf7 26. d5 c6 27. Kf3 cxd5
28. cxd5 Rxd5 29. Rxd5 exd5 30. Re5 Rc6 31. Rxd5 Rxc3+ 32. Ke4 Kf6 33. Rf5+ Kg6
34. Rd5 Kf6 35. Rf5+ Kg6 36. Rd5 Rc4+ 37. Rd4 Rxd4+ 38. Kxd4 a6 39. f3 Kf6 40.
Kd5 b5 41. axb5 axb5 42. h3 b4 43. Kd4 b3 44. Kc3 Ke5 45. Kxb3 Kd4 0-1